000 00580nam a2200193 i 4500
001 54717
005 20230410124103.0
008 080229b2007 dr a 000 0 spa
040 _aDRFGD
041 0 _aspa
050 1 4 _aM533m 2007
110 _aSecretaría de Estado de Agricultura
245 0 0 _aMemoria Anual 2006 /
_cSecretaría de Estado de Agricultura
260 _aSanto Domingo :
_bSecretaría de estado de agricultura ,
_c2007
300 _a143 p.
500 _aMemoria anual 2006 por la secretaria de estado de agricultura
942 _2lcc
_cbk
946 _almminaya
999 _c70742
_d70742